Marketing Cases

Gespeichert in:
Bibliographische Detailangaben
1. Verfasser: Lamb, Charles W.
Weitere Verfasser: Ferrell, O. C., Pride, William M.
Format: Buch
Sprache:Englisch
Veröffentlicht: Boston Houghton Mifflin Co. 1983
Ausgabe:1. ed.
Schlagworte:
Tags: Tag hinzufügen
Keine Tags, Fügen Sie das erste Tag hinzu!

MARC

LEADER 00000nam a2200000 4500
001 c010519
005 20221207073849.4
020 |a 0-395-32636-2 
041 0 |a eng 
044 |a US 
245 1 0 |a Marketing Cases  |c Charles W. Lamb, O.C. Ferrell, William M. Pride 
250 |a 1. ed. 
264 1 |a Boston  |b Houghton Mifflin Co.  |c 1983 
300 |a 450 s. 
610 2 0 |a marketing 
610 2 0 |a štúdie prípadové 
610 2 0 |a rozhodovanie 
610 2 0 |a distribúcia 
610 2 0 |a manažment 
100 1 |a Lamb, Charles W. 
700 1 |a Ferrell, O. C. 
700 1 |a Pride, William M.